000 00740nam a2200265Ia 4500
001 15686
005 20240113235638.0
007 ta
008 051210s1931 a g b000 u 465 u
040 _aCotton College,Assam
041 _a465
082 _a574
_bSi 64 Sh
100 _aSinger, Charles .
245 0 _aA Short History of Biology: A General Introduction to the Study of Living Things /
_cCharles Singer.
_hTextual Documents
250 _a1st ed. /
260 _aOxford :
_bThe Clarendon Press ,
_c1931.
300 _axxxv,572p. :
_bill ;
_c22cm .
504 _aIndex
653 _aBiology
653 _aBiology-History
653 _aG-Biology
942 _2ddc
_cBK
999 _c15672
_d15672